Animaux - A à Z - Statistiques

Statistiques générales
  • Ce quiz a été pris 123 fois
    105 depuis la dernière actualisation
  • Le résultat moyen est 7 sur 26
Statistiques - réponses
Hint Réponse % Correct
C Chat
73%
E Elephant
63%
B Baleine
49%
Z Zèbre
49%
G Girafe
43%
L Lion
39%
D Dauphin
35%
I Iguane
35%
J Jaguar
35%
K Kangourou
34%
S Serpent
34%
Y Yack
30%
F Faon
29%
T Tortue
24%
A Aigle
23%
N Narval
21%
H Hippopotame
20%
R Renard
18%
O Otarie
14%
V Vautour
14%
M Manchot
13%
P Poisson
10%
W Wallaby
7%
U Urubu
5%
Q Quoccho
0%
X Xérus (Écureil africain)
0%
Aucun quiz correspondant
Distribution des résultats
% des personnes avec chaque résultat
Percentile par nombre de réponses
Votre historique - résultats
Vous n’avez pas pris ce quiz depuis la dernière actualisation